Konec marketingu ovládněte trh prostřednictvím svých zákazníků na sociálních sítích

Salvato in:
Dettagli Bibliografici
Autore principale: Carlos, Gil
Natura: Libro
Lingua:ceco
Pubblicazione: Praha Grada Publishing 2021
Edizione:1. vydání
Soggetti:
Tags: Aggiungi Tag
Nessun Tag, puoi essere il primo ad aggiungerne!!

MARC

LEADER 00000nam a2200000 4500
001 0300045
005 20240425151443.1
020 |a 978-80-271-1296-8 
041 0 |a cze 
044 |a CZ 
245 1 0 |a Konec marketingu  |b ovládněte trh prostřednictvím svých zákazníků na sociálních sítích  |c Gil Carlos 
250 |a 1. vydání 
264 1 |a Praha  |b Grada Publishing  |c 2021 
300 |a 196 s. 
610 2 0 |a marketing 
610 2 0 |a siete sociálne 
610 2 0 |a stratégia marketingová 
610 2 0 |a nástroje marketingové 
100 1 |a Carlos, Gil